La historicidad del pueblo y los límites del populismo /

Đã lưu trong:
Chi tiết về thư mục
Tác giả chính: Murillo, María Victoria
Định dạng: Sách
Ngôn ngữ:Spanish
Các nhãn: Thêm thẻ
Không có thẻ, Là người đầu tiên thẻ bản ghi này!

MARC

LEADER 00000nam a22000007a 4500
003 cru CIDCACS/IIS
005 20180525145118.0
007 ta
008 180525s2018 ag |||p|r||||||0| ||spa|d
999 |c 41470  |d 41470 
040 |c cru CIDCACS/IIS 
100 1 |9 7274  |a Murillo, María Victoria 
245 1 3 |a La historicidad del pueblo y los límites del populismo /  |c María Victoria Murillo 
300 |a páginas 165-175 
773 0 |0 19022  |9 2032  |a Fundación Friedrich Ebert  |d Fundación Friedrich Ebert; Nueva Sociedad  |o 18799  |t Nueva Sociedad / 
942 |2 ddc  |c PP